UBT Library

KNIGHTS IF ART (Record no. 58647)

000 -LEADER
fixed length control field 00303nam a22001457a 4500
008 - FIXED-LENGTH DATA ELEMENTS--GENERAL INFORMATION
fixed length control field 221024b ||||| |||| 00| 0 eng d
020 ## - INTERNATIONAL STANDARD BOOK NUMBER
International Standard Book Number 9780692747940
041 ## - LANGUAGE CODE
Language code of text/sound track or separate title eng
080 ## - UNIVERSAL DECIMAL CLASSIFICATION NUMBER
Universal Decimal Classification number 7
082 ## - DEWEY DECIMAL CLASSIFICATION NUMBER
Classification number 7
100 ## - Rafti
Rafti 21.1
101 ## - Shkurtesa
Shkurtesa ART
245 ## - TITLE STATEMENT
Title KNIGHTS IF ART
Statement of responsibility, etc STEEDMAN A
942 ## - ADDED ENTRY ELEMENTS (KOHA)
Source of classification or shelving scheme
Item type Books
Holdings
Withdrawn status Lost status Source of classification or shelving scheme Damaged status Not for loan Collection code Permanent location Current location Date acquired Total Checkouts Full call number Barcode Date last seen Price effective from Koha item type
          Koleksioni i përgjithshem UBT - Lipjan UBT - Lipjan 10/24/2022   7 STE 002-800028700260293 10/24/2022 10/24/2022 Books
          Koleksioni i përgjithshem UBT - Lipjan UBT - Lipjan 10/24/2022   7 HOU 002-800028700260294 10/24/2022 10/24/2022 Books
UBT Library © 2015-2024. All rights reserved University Education for Business and Technology